000 00488nam a22001817a 4500
003 CEME
005 20210628201756.0
008 210208b xxu||||| |||| 00| 0 eng d
020 _a81-203-2405-6
040 _c.
082 _a621.367 KOP
100 _aKopeika, Norman S
_956779
245 _aA system enigneering approach to imaging
260 _aNEW DELHI
_bPRENTICE HALL
_c2003
300 _aXXI,669P
650 _aSYSTEM ENIGNEERING APPROACH TO IMAGING
_956780
942 _cBK
_2ddc
999 _c567129
_d567129